Ekonomická čítanka. Díl 3. /

Hlavní autor: Adamčík, Stanislav, 1926-
Korporativní autor: Vysoká škola báňská - Technická univerzita Ostrava
Další autoři: Rusek, Arnošt
Jazyk: Čeština
Vydáno: Ostrava : Vysoká škola báňská, 1967
Edice: Učební texty vysokých škol
Fyzický popis: 277 s.
Knihy
Uloženo v:
LEADER 00866nam a2200229 a 4500
001 000588748
003 CZ BrMZK
005 20110104151916.0
007 ta
008 020227s1967 xr f cze d
040 |a BOA001  |b cze  |c BOA001 
100 1 |a Adamčík, Stanislav,  |d 1926-  |7 jk01010034  |4 aut 
245 1 0 |a Ekonomická čítanka.  |n Díl 3. /  |c Stanislav Adamčík, Arnošt Rusek 
260 |a Ostrava :  |b Vysoká škola báňská,  |c 1967 
300 |a 277 s. 
490 1 |a Učební texty vysokých škol 
700 1 |a Rusek, Arnošt  |7 xx0095387  |4 aut 
710 2 |a Vysoká škola báňská - Technická univerzita Ostrava  |7 kn20010709483 
810 2 |a Vysoká škola báňská v Ostravě.  |t Učební texty vysokých škol  |0 s 
910 |a BOA001  |b 4-0581.851,3 
990 |a BK 
996 6 |b BC-17382  |c 4-0581.851,3  |l MZK  |r Sklad / do 1 hodiny  |n 0  |w 000588748  |u 000010  |a 1  |e BOA001  |j MZK50  |s P